000 00900nam a2200253Ia 4500
003 OSt
005 20221005113200.0
006 a|||||r|||| 00| 0
007 ta
008 221004b |||||||| |||| 00| 0 pan d
020 _a8182990432 (hbk)
_c90
024 _a11429
037 _b841, 20/03/2014, H.K. Prakashan
_cTextual
040 _aCRL
_cCRL
_bpan
041 _2pan
_apan
082 _aQ8441:21:g, 153P4
100 _aਅਨਜਾਣ, ਤਾਰਾ ਸਿੰਘ
245 0 _aਵਾਰ ਸ੍ਰੀ ਭਗਉਤੀ ਜੀ ਕੀ
_b ਇੱਕ ਅਧਿਐਨ
260 _aਨੋਇਡਾ
_bਪਰਦੇਸੀ ਸਾਹਿਤ ਪਕਾFਨ ਭਾਰਤ
_c2004
300 _a102ਪੰ
_ccm.
650 _aਧਰਮ
942 _hQ8441:21:g, 153P4
_cTEXL
_2cc
999 _c1027318
_d1027318